Przywódcy ZSRR - Statystyki

Ogólne statystyki
  • Ten quiz został rozwiązany 2 493 razy
  • Średni wynik to 5 z 8
Statystyki odpowiedzi
Hint Odpowiedź % Poprawnych
1924-1953 Józef Stalin
100%
1922-1924 Włodzimierz Lenin
96%
1985-1991 Michaił Gorbaczow
78%
1953-1964 Nikita Chruszczow
71%
1964-1982 Leonid Breżniew
65%
1982-1984 Jurij Andropow
34%
1984-1985 Konstantin Czernienko
29%
1953-1955 Gieorgij Malenkow
25%
Nie znaleziono quizów pasujących do podanych kryteriów
Rozkład punktacji
Procent ludzi z każdym wynikiem
Percentyl według liczby udzielonych odpowiedzi
Twoja historia wyników
Nie rozwiązałeś tego quizu